Statistics for grey's anatomy characters by quotes a-z

Click here to take the quiz!

General Stats

  • This quiz has been taken 1,345 times
  • The average score is 14 of 20

Answer Stats

hintanswer% Correct
it's a beautiful day to save livesderek shepherd
100%
i have 5 rules - memorize themmiranda bailey
99%
pick me, choose me, love memeredith grey
98%
screw beautiful. i'm brilliantcristina yang
96%
i just crushed chip babyalex karev
94%
today: you are the doctorsrichard webber
93%
you can't pray away the gaycallie torres
90%
who here feels like they have no idea what they're doing?george o'malley
89%
don't let the roller skates fool youarizona robbins
86%
the carousel never stops turningellis grey
86%
brain surgery isn't his only skillizzie stevens
78%
screw the oddslexie grey
73%
she is bad, cheap winemark sloan
68%
my name is __, i'm 28 years oldapril kepner
67%
we're supposed to feelowen hunt
59%
i'm asking you to come homejo wilson
45%
the way i loved you was consumingpreston burke
39%
i don't go asking about your dead husband do i?nathan riggs
32%
i love you, meredith greytaryn helm
10%
dr bailey, we didn't come here for youdahlia qadri
8%

Score Distribution

Percentile by Number Answered

Percent of People with Each Score

Your Score History

You have not taken this quiz